Fixed income markets and their derivatives (Record no. 30095)

MARC details
000 -LEADER
fixed length control field 00431nam a2200169Ia 4500
020 ## - INTERNATIONAL STANDARD BOOK NUMBER
ISBN 0- 324- 00446- X
050 ## - CALL MARK
Classification number HG 4650 .S86/
100 ## - STATEMENT OF RESPONSIBILITY--MAIN AUTHOR NAME
Personal name Suresh M. Sundaresan
245 #0 - TITLE STATEMENT
Title Fixed income markets and their derivatives
260 ## - PUBLICATION, DISTRIBUTION, ETC. (IMPRINT)
Name of publisher South- Western
260 ## - PUBLICATION, DISTRIBUTION, ETC. (IMPRINT)
Year of publication 2001
300 ## - PHYSICAL DESCRIPTION
Number of Pages 717 p
650 ## - SUBJECT ADDED ENTRY--TOPICAL TERM
Topical Term Fixed- income securities
942 ## - ADDED ENTRY ELEMENTS (KOHA)
Koha item type Books
Holdings
Withdrawn status Lost status Source of classification or shelving scheme Damaged status Not for loan Permanent Location Current Location Date acquired Accession Number Price effective from Koha item type
    Library of Congress Classification     NILE UNIVERSITY OF NIGERIA - MAIN LIBRARY NILE UNIVERSITY OF NIGERIA - MAIN LIBRARY 04/23/2025 0004232 04/23/2025 Books